01444nam a2200289 a 450000100100000000500170001000800410002702000150006804000250008308200260010810000380013424500430017226000450021530000280026049000230028859000270031165000270033865000310036583000300039691000400042695201390046695201390060595201390074495201240088395201300100799900170113700001315520240530073916.0091120s2005 dr a 000 f spa d a9945410016 aDO-SdBNPbspacBNPHU aRD863.44bV145L, 20051 aValdez, Diógenes,d1941-92051110aLucinda Palmares /cDiógenes Valdez. aSanto Domingo :bLetra gráfica,c2005. a199 p. :bil. ;c22 cm.1 aNovelas de siempre aInventariado, 2020 /LP 0aNovela dominicana9223 0aLiteratura dominicana.967 0aNovelas de siempre928007 aValidado. Control de calidad BNPHU. 001054708DSaGRbGRcHDd2009-11-20iLF1l0oRD863.44 V145L, 2005p13155-30r2020-06-25te. 3w2020-06-25yLFDSZPréstamo en sala 001054708DSaGRbGRcHDd2010-08-17iLF1l0oRD863.44 V145L, 2005p13155-40r2020-06-25te. 4w2020-06-25yLFDSZPréstamo en sala 001054708DSaGRbGRcHDd2010-08-17iLF1l0oRD863.44 V145L, 2005p13155-50r2020-06-25te. 5w2020-06-25yLFDSZPréstamo en sala 0010718PDaPDbPDcHDd2009-11-20iLF1l0oRD863.44 V145L, 2005p13155-10r2020-06-25w2020-06-25yLFPDZNo se presta 0010718PDaPDbPDcHDd2009-11-20iLF1l0oRD863.44 V145L, 2005p13155-20r2020-06-25te. 2w2020-06-25yLFPDZNo se presta c12794d12794